Front matter (notice n° 1643981)

détails MARC
000 -LEADER
fixed length control field 01297cam a2200181 4500500
005 - DATE AND TIME OF LATEST TRANSACTION
control field 20260208000825.0
041 ## - LANGUAGE CODE
Language code of text/sound track or separate title fre
042 ## - AUTHENTICATION CODE
Authentication code dc
100 10 - MAIN ENTRY--PERSONAL NAME
Personal name Lercari, Lola
Relator term author
245 00 - TITLE STATEMENT
Title Front matter
260 ## - PUBLICATION, DISTRIBUTION, ETC.
Date of publication, distribution, etc. 2026.<br/>
500 ## - GENERAL NOTE
General note 37
520 ## - SUMMARY, ETC.
Summary, etc. Since the 2018 reform, apprenticeships have undergone a profound transformation, becoming more popular and appealing to a wider range of people. Once seen as a route into initial training, they are now also providing a second chance for young people who have left the education system. The 2017 cohort is proof of this, with more individuals returning to work-study programmes later in life, often with the aim of obtaining a qualification or changing career. While the pre-recruitment logic is fading, apprenticeships still offer clear advantages in terms of integration and access to stable employment. This Céreq Bref, based on the 2023 survey of the 2017 cohort, paints a portrait of those who returned to study after 2018.
700 10 - ADDED ENTRY--PERSONAL NAME
Personal name Gourvennec, Jules
Relator term author
700 10 - ADDED ENTRY--PERSONAL NAME
Personal name Toutin, Marie-Hélène
Relator term author
786 0# - DATA SOURCE ENTRY
Note Chronique Internationale de l'IRES | 192 | 4 | 2026-01-12 | p. 2-3 | 1285-087X
856 41 - ELECTRONIC LOCATION AND ACCESS
Uniform Resource Identifier <a href="https://shs.cairn.info/journal-chronique-internationale-de-l-ires-2025-4-page-2?lang=en&redirect-ssocas=7080">https://shs.cairn.info/journal-chronique-internationale-de-l-ires-2025-4-page-2?lang=en&redirect-ssocas=7080</a>

Pas d'exemplaire disponible.

PLUDOC

PLUDOC est la plateforme unique et centralisée de gestion des bibliothèques physiques et numériques de Guinée administré par le CEDUST. Elle est la plus grande base de données de ressources documentaires pour les Étudiants, Enseignants chercheurs et Chercheurs de Guinée.

Adresse

627 919 101/664 919 101

25 boulevard du commerce
Kaloum, Conakry, Guinée

Réseaux sociaux

Powered by Netsen Group @ 2025